<?xml version="1.0" encoding="UTF-8"?>
<collection xmlns="http://www.loc.gov/MARC21/slim">
 <record>
  <leader>02494nam a22003137a 4500</leader>
  <controlfield tag="001">NCT_41241</controlfield>
  <controlfield tag="008">180615b        xxu||||| |||| 00| 0 vie d</controlfield>
  <datafield tag="999" ind1=" " ind2=" ">
   <subfield code="c">1982</subfield>
   <subfield code="d">1982</subfield>
  </datafield>
  <datafield tag="020" ind1=" " ind2=" ">
   <subfield code="a">9786047415861</subfield>
   <subfield code="c">65000</subfield>
  </datafield>
  <datafield tag="082" ind1="0" ind2="4">
   <subfield code="2">23rd ed.</subfield>
   <subfield code="a">808.5</subfield>
   <subfield code="b">Ph549</subfield>
  </datafield>
  <datafield tag="100" ind1="1" ind2=" ">
   <subfield code="a">Collins, Philip</subfield>
  </datafield>
  <datafield tag="245" ind1="1" ind2="0">
   <subfield code="a">Nghệ thuật thuyết trình : </subfield>
   <subfield code="b">Bí quyết để thính giả nhớ những gì chúng ta nói</subfield>
   <subfield code="c">Philip Collins ; Chương Ngọc (dịch)</subfield>
  </datafield>
  <datafield tag="250" ind1=" " ind2=" ">
   <subfield code="a">Tái bản lần 1</subfield>
  </datafield>
  <datafield tag="260" ind1=" " ind2=" ">
   <subfield code="a">TP. Hồ Chí Minh</subfield>
   <subfield code="b">Thanh hóa</subfield>
   <subfield code="c">2015</subfield>
  </datafield>
  <datafield tag="300" ind1=" " ind2=" ">
   <subfield code="a">231tr.</subfield>
   <subfield code="c">21cm</subfield>
  </datafield>
  <datafield tag="520" ind1="3" ind2=" ">
   <subfield code="a">Cuốn sách sẽ giúp bạn đọc nắm bắt những nguyên tắc căn bản như là bí quyết của nghệ thuật thuyết trình: từ cách viết một bài diễn văn đến cách trình bày trước đám đông.</subfield>
  </datafield>
  <datafield tag="653" ind1=" " ind2=" ">
   <subfield code="a">Quan hệ công chúng</subfield>
  </datafield>
  <datafield tag="700" ind1="1" ind2=" ">
   <subfield code="a">Chương Ngọc</subfield>
  </datafield>
  <datafield tag="942" ind1=" " ind2=" ">
   <subfield code="2">ddc</subfield>
   <subfield code="c">BK</subfield>
  </datafield>
  <datafield tag="952" ind1=" " ind2=" ">
   <subfield code="0">0</subfield>
   <subfield code="1">0</subfield>
   <subfield code="2">ddc</subfield>
   <subfield code="4">0</subfield>
   <subfield code="6">808_500000000000000_PH549</subfield>
   <subfield code="7">0</subfield>
   <subfield code="9">10601</subfield>
   <subfield code="a">000001</subfield>
   <subfield code="b">000001</subfield>
   <subfield code="d">2018-06-15</subfield>
   <subfield code="o">808.5 Ph549</subfield>
   <subfield code="p">MD.09336</subfield>
   <subfield code="r">2018-06-15</subfield>
   <subfield code="v">65000.00</subfield>
   <subfield code="w">2018-06-15</subfield>
   <subfield code="y">BK</subfield>
  </datafield>
  <datafield tag="952" ind1=" " ind2=" ">
   <subfield code="0">0</subfield>
   <subfield code="1">0</subfield>
   <subfield code="2">ddc</subfield>
   <subfield code="4">0</subfield>
   <subfield code="6">808_500000000000000_PH549</subfield>
   <subfield code="7">0</subfield>
   <subfield code="9">10602</subfield>
   <subfield code="a">000001</subfield>
   <subfield code="b">000001</subfield>
   <subfield code="d">2018-06-15</subfield>
   <subfield code="l">1</subfield>
   <subfield code="o">808.5 Ph549</subfield>
   <subfield code="p">MD.09337</subfield>
   <subfield code="r">2018-12-11</subfield>
   <subfield code="s">2018-11-28</subfield>
   <subfield code="v">65000.00</subfield>
   <subfield code="w">2018-06-15</subfield>
   <subfield code="y">BK</subfield>
  </datafield>
  <datafield tag="952" ind1=" " ind2=" ">
   <subfield code="0">0</subfield>
   <subfield code="1">0</subfield>
   <subfield code="2">ddc</subfield>
   <subfield code="4">0</subfield>
   <subfield code="6">808_500000000000000_PH549</subfield>
   <subfield code="7">0</subfield>
   <subfield code="9">10603</subfield>
   <subfield code="a">000001</subfield>
   <subfield code="b">000001</subfield>
   <subfield code="d">2018-06-15</subfield>
   <subfield code="l">1</subfield>
   <subfield code="o">808.5 Ph549</subfield>
   <subfield code="p">MD.09338</subfield>
   <subfield code="r">2018-12-05</subfield>
   <subfield code="s">2018-11-28</subfield>
   <subfield code="v">65000.00</subfield>
   <subfield code="w">2018-06-15</subfield>
   <subfield code="y">BK</subfield>
  </datafield>
  <datafield tag="952" ind1=" " ind2=" ">
   <subfield code="0">0</subfield>
   <subfield code="1">0</subfield>
   <subfield code="2">ddc</subfield>
   <subfield code="4">0</subfield>
   <subfield code="6">808_500000000000000_PH549</subfield>
   <subfield code="7">0</subfield>
   <subfield code="9">10604</subfield>
   <subfield code="a">000001</subfield>
   <subfield code="b">000001</subfield>
   <subfield code="d">2018-06-15</subfield>
   <subfield code="l">1</subfield>
   <subfield code="o">808.5 Ph549</subfield>
   <subfield code="p">MD.09339</subfield>
   <subfield code="r">2020-10-20</subfield>
   <subfield code="s">2020-08-25</subfield>
   <subfield code="v">65000.00</subfield>
   <subfield code="w">2018-06-15</subfield>
   <subfield code="y">BK</subfield>
  </datafield>
  <datafield tag="952" ind1=" " ind2=" ">
   <subfield code="0">0</subfield>
   <subfield code="1">0</subfield>
   <subfield code="2">ddc</subfield>
   <subfield code="4">0</subfield>
   <subfield code="6">808_500000000000000_PH549</subfield>
   <subfield code="7">0</subfield>
   <subfield code="9">10605</subfield>
   <subfield code="a">000001</subfield>
   <subfield code="b">000001</subfield>
   <subfield code="d">2018-06-15</subfield>
   <subfield code="l">2</subfield>
   <subfield code="o">808.5 Ph549</subfield>
   <subfield code="p">MD.09340</subfield>
   <subfield code="r">2020-10-16</subfield>
   <subfield code="s">2020-07-03</subfield>
   <subfield code="v">65000.00</subfield>
   <subfield code="w">2018-06-15</subfield>
   <subfield code="y">BK</subfield>
  </datafield>
  <datafield tag="952" ind1=" " ind2=" ">
   <subfield code="0">0</subfield>
   <subfield code="1">0</subfield>
   <subfield code="2">ddc</subfield>
   <subfield code="4">0</subfield>
   <subfield code="6">808_500000000000000_PH549</subfield>
   <subfield code="7">0</subfield>
   <subfield code="9">10606</subfield>
   <subfield code="a">000001</subfield>
   <subfield code="b">000001</subfield>
   <subfield code="d">2018-06-15</subfield>
   <subfield code="l">2</subfield>
   <subfield code="o">808.5 Ph549</subfield>
   <subfield code="p">MD.07693</subfield>
   <subfield code="r">2019-11-25</subfield>
   <subfield code="s">2019-11-13</subfield>
   <subfield code="v">65000.00</subfield>
   <subfield code="w">2018-06-15</subfield>
   <subfield code="y">BK</subfield>
  </datafield>
  <datafield tag="952" ind1=" " ind2=" ">
   <subfield code="0">0</subfield>
   <subfield code="1">0</subfield>
   <subfield code="2">ddc</subfield>
   <subfield code="4">0</subfield>
   <subfield code="6">808_500000000000000_PH549</subfield>
   <subfield code="7">0</subfield>
   <subfield code="9">10607</subfield>
   <subfield code="a">000001</subfield>
   <subfield code="b">000001</subfield>
   <subfield code="d">2018-06-15</subfield>
   <subfield code="l">2</subfield>
   <subfield code="o">808.5 Ph549</subfield>
   <subfield code="p">MD.07694</subfield>
   <subfield code="r">2018-08-17</subfield>
   <subfield code="s">2018-07-07</subfield>
   <subfield code="v">65000.00</subfield>
   <subfield code="w">2018-06-15</subfield>
   <subfield code="y">BK</subfield>
  </datafield>
  <datafield tag="952" ind1=" " ind2=" ">
   <subfield code="0">0</subfield>
   <subfield code="1">0</subfield>
   <subfield code="2">ddc</subfield>
   <subfield code="4">0</subfield>
   <subfield code="6">808_500000000000000_PH549</subfield>
   <subfield code="7">0</subfield>
   <subfield code="9">10608</subfield>
   <subfield code="a">000001</subfield>
   <subfield code="b">000001</subfield>
   <subfield code="d">2018-06-15</subfield>
   <subfield code="o">808.5 Ph549</subfield>
   <subfield code="p">MD.07695</subfield>
   <subfield code="r">2018-06-15</subfield>
   <subfield code="v">65000.00</subfield>
   <subfield code="w">2018-06-15</subfield>
   <subfield code="y">BK</subfield>
  </datafield>
  <datafield tag="952" ind1=" " ind2=" ">
   <subfield code="0">0</subfield>
   <subfield code="1">0</subfield>
   <subfield code="2">ddc</subfield>
   <subfield code="4">0</subfield>
   <subfield code="6">808_500000000000000_PH549</subfield>
   <subfield code="7">0</subfield>
   <subfield code="9">10609</subfield>
   <subfield code="a">000001</subfield>
   <subfield code="b">000001</subfield>
   <subfield code="d">2018-06-15</subfield>
   <subfield code="o">808.5 Ph549</subfield>
   <subfield code="p">MD.07696</subfield>
   <subfield code="r">2018-06-15</subfield>
   <subfield code="v">65000.00</subfield>
   <subfield code="w">2018-06-15</subfield>
   <subfield code="y">BK</subfield>
  </datafield>
  <datafield tag="980" ind1=" " ind2=" ">
   <subfield code="a">Thư viện Trường Đại học Nam Cần Thơ</subfield>
  </datafield>
 </record>
</collection>
